000 00734nam a2200205 a 4500
001 000015736
003 DO-SdBNP
005 20240927073747.0
008 100217s1987 dr ac 000 0 spa d
040 _aDO-SdBNP
_bspa
_cBNPHU
049 _aBNPD
082 _a320.97293
_bB171p
245 1 0 _aPrimer año de gobierno constitucional 1986 - 1987 :
_bun año positivo /
_cJoaquín Balaguer.
260 _aSanto Domingo :
_bPartido Reformista Social Cristiano,
_c1987.
300 _a148 p. :
_bil. ; retrs. ;
_c24 cm.
600 1 0 _a Balaguer, Joaquín,
_d1906-2002
_976556
651 1 4 _aRepública Domincana
_xPolítica y gobierno
_935404
651 1 4 _aRepública Domincana
_zPolítica económica
_xEstadísticas
_935405
942 _2ddc
_cLBS1
999 _c15286
_d15286